25 pytań - O kogo mowa #1 EKIPA FRIZA - Statystyki

Ogólne statystyki
  • Ten quiz został rozwiązany 2 445 razy
  • Średni wynik to 16 z 25
Statystyki odpowiedzi
Hint Odpowiedź % Poprawnych
1. Ma tunele w uszach. Marcysia
91%
3. Jest znany/a ze swoich poczciwych tekstów. Krzychu
89%
5. Wychowywał/a się w domu dziecka. Mini Majk
87%
2. Kiedyś prowadził/a kanał z kolegą na którym nocowali w miejscach publicznych. Patec
87%
7. Ma metalowego pręta w kręgosłupie. Friz
83%
8. Kiedyś tańczył/a. Wersow
81%
16. Walczył/a na Fame mma. Mini Majk
76%
23. Ma najwięcej subskrypcji z całej EKIPY. Friz
75%
25. Najstarszy członek EKIPY. Wujek Łuki
75%
17. Jeździ konno. Kasia
72%
13. Nie lubi tatuaży ale dla ekipy wytatuował/a sobie ich podpisy. Wujek Łuki
72%
12. Nie lubi pomidorów. Tromba
68%
19. Interesuje się motoryzacją chociaż w dzieciństwie bardziej interesowały go/ją rowery. Krzychu
67%
20. W dzieciństwie kradł/a zakrętki od mirindy na których znajdowały się pokemony. Tromba
65%
18. Jego/ jej pasją jest projektowanie ubrań. Wersow
65%
15. Urodził/a się w Austrii. Wersow
63%
21. Gra w Counter-Strike. Kasia
62%
24. Lubi helikoptery i chcę zrobić licencje pilota. Wujek Łuki
56%
6. Chciał/a iść w kierunku weterynarii ale ze względu na jego/jej oceny nie mógł/mogła. Marta
54%
4. Kiedyś na ważnej imprezie kiedy była cała rodzina zwymiotował/a na stół. Mixer
52%
9. Ma tylko 3 filmy na swoim kanale. Patec
48%
11. Ma rosyjskie korzenie. Tromba
44%
14. Nie lubi się uśmiechać bo ma małe zęby. Marcysia
38%
10. Nienawidzi dźwięku styropianu. Mixer
33%
22. Klapa od fortepianu spadła na jego/jej nos. Marta
29%
Nie znaleziono quizów pasujących do podanych kryteriów
Rozkład punktacji
Procent ludzi z każdym wynikiem
Percentyl według liczby udzielonych odpowiedzi
Twoja historia wyników
Nie rozwiązałeś tego quizu